000 00443nab a2200145Ia 4500
003 ES-SlBCS
005 20210601131731.0
008 140529s1952 xxu||||| |||| 00| 0 fre d
041 _afre
100 1 _aMartel, Pierre-Albin
_9188289
245 0 0 _aLe pourrissement de la guerre d'Indochine
_c Pierre-Albin Martel
650 0 4 _aGuerra de Indochina
_9188412
773 0 _tVie Intelectuelle (La)
_gnº. 4, 1952, págs. 92-94
_wRev907
942 _cAR
999 _c567857
_d567857